| 000 | 00000nam 2200000za 4500 |
| 001 | 9.852970 |
| 003 | CaOODSP |
| 005 | 20221107154719 |
| 007 | cr ||||||||||| |
| 008 | 180306s1975 onc #ob f000 0 eng d |
| 040 | |aCaOODSP|beng |
| 043 | |an-cn--- |
| 086 | 1 |aR32-467/1975E-PDF |
| 245 | 00|aStatus of Eskimos |h[electronic resource]. |
| 260 | |aOttawa : |bTreaties and Historical Research Centre, |c1975. |
| 300 | |a2 p. |
| 500 | |aTitle from cover. |
| 500 | |aDigitized edition from print [produced by Indigenous and Northern Affairs Canada]. |
| 504 | |aIncludes bibliographical references. |
| 520 | |a"Parliament has exclusive authority to legislate in respect of Eskimos and it wasn't until 1924 that such action took place"--p. 2. |
| 692 | 07|2gccst|aInuit |
| 692 | 07|2gccst|aLegislation |
| 692 | 07|2gccst|aCanadian history |
| 710 | 2 |aTreaties and Historical Research Centre (Canada) |
| 710 | 1 |aCanada. |bIndian and Northern Affairs Canada. |
| 856 | 40|qPDF|s169 KB|uhttps://publications.gc.ca/collections/collection_2018/aanc-inac/R32-467-1975-eng.pdf |